ՀՀ Գիտությունների ազգային ակադեմիայի հիմնարար գիտական գրադարան  =   Fundamental Scientific Library of NAS RA

Հայուհիների զարդերը XVIII-XX դդ․ = (Record no. 528876)

MARC details
000 -LEADER
fixed length control field 01879nam a2200337 a 4500
001 - CONTROL NUMBER
control field 1824261
003 - CONTROL NUMBER IDENTIFIER
control field AM-YEHGA
005 - DATE AND TIME OF LATEST TRANSACTION
control field 20250618080127.0
008 - FIXED-LENGTH DATA ELEMENTS--GENERAL INFORMATION
fixed length control field 220317s2021 ai a|||gr|||||||||0|arm|d
020 ## - INTERNATIONAL STANDARD BOOK NUMBER
International Standard Book Number 9789939922782
040 ## - CATALOGING SOURCE
Original cataloging agency AM-YeHGA
041 0# - LANGUAGE CODE
Language code of text/sound track or separate title arm
-- eng
090 ## - LOCALLY ASSIGNED LC-TYPE CALL NUMBER (OCLC); LOCAL CALL NUMBER (RLIN)
-- 567181
100 1# - MAIN ENTRY--PERSONAL NAME
Personal name Իսրայելյան, Աստղիկ Ռաֆայելի
245 10 - TITLE STATEMENT
Title Հայուհիների զարդերը XVIII-XX դդ․ =
Remainder of title Armenian women's adornments in the 18th-20th centuries /
Statement of responsibility, etc. Ա․Ռ․ Իսրայելյանյան ; Անգլերեն թարգմանեց՝ Ա․ Ֆրունջյանը ; Խմբագիր՝ Ա․ Զոհրաբյան ; Սրբագրիչ՝ Բ․ Բարսեղյան ; Լուսանկարիչ՝ Վ․ Հակոբյան ; Հայաստանի պատմության թանգարան.
246 15 - VARYING FORM OF TITLE
Title proper/short title Armenian women's adornments in the 18th-20th centuries
260 ## - PUBLICATION, DISTRIBUTION, ETC.
Place of publication, distribution, etc. Երևան :
Name of publisher, distributor, etc. Հայաստանի պատմության թանգարան ;
-- Անտարես,
Date of publication, distribution, etc. 2021.
300 ## - PHYSICAL DESCRIPTION
Extent 216 էջ :
Other physical details լուսանկարներ ;
Dimensions 30 սմ․
504 ## - BIBLIOGRAPHY, ETC. NOTE
Bibliography, etc. note Մատենագիտություն՝ էջ 980-95։
504 ## - BIBLIOGRAPHY, ETC. NOTE
Bibliography, etc. note Զարդերի ցուցակ՝ էջ 95-212։
546 ## - LANGUAGE NOTE
Language note Տեքստը՝ զուգ. հայ. և անգլ.
610 24 - SUBJECT ADDED ENTRY--CORPORATE NAME
Corporate name or jurisdiction name as entry element Հայաստանի պատմության թանգարան
General subdivision Հավաքածու
Chronological subdivision XVIII -XX դդ․
650 14 - SUBJECT ADDED ENTRY--TOPICAL TERM
Topical term or geographic name entry element Հայկական զարդեր
General subdivision Պատմություն
Chronological subdivision XVIII -XX դդ․
650 14 - SUBJECT ADDED ENTRY--TOPICAL TERM
Topical term or geographic name entry element Հայուհիների զարդեր
700 1# - ADDED ENTRY--PERSONAL NAME
Personal name Ֆրունջյան, Աիդա
Relator term թարգմանիչ
Relationship trl
700 1# - ADDED ENTRY--PERSONAL NAME
Personal name Զոհրաբյան, Արմինե Լևոնի
Relator term խմբագիր
Relationship edt
700 1# - ADDED ENTRY--PERSONAL NAME
Personal name Բարսեղյան, Բելլա
Relator term սրբագրիչ
Relationship crr
9 (RLIN) 3183
700 1# - ADDED ENTRY--PERSONAL NAME
Personal name Հակոբյան, Վռամ
Relator term լուսանկարիչ
Relationship pht
710 2# - ADDED ENTRY--CORPORATE NAME
Corporate name or jurisdiction name as entry element Հայաստանի պատմության թանգարան
942 ## - ADDED ENTRY ELEMENTS (KOHA)
Source of classification or shelving scheme Universal Decimal Classification
Koha item type Գրքեր / Books
Holdings
Withdrawn status Lost status Source of classification or shelving scheme Damaged status Not for loan Collection Home library Current library Date acquired Total checkouts Full call number Barcode Date last seen Price effective from Koha item type Public note
    Universal Decimal Classification     Reading Hall Fundamental Scientific Library Fundamental Scientific Library 25/10/2023   AIII/9547 FL0680652 25/10/2023 25/10/2023 Գրքեր / Books ILL Non-Circ.


ՀՀ ԳԱԱ հիմնարար գիտական գրադարան
ՀՀ,Երևան 0019
Մարշալ Բաղրամյան 24/6
հեռախոս:(374-10) 52-47-50
Հետադարձ կապ

All site content, except where otherwise noted, is licensed under a
Creative Commons License